000 00606nam a2200217Ii 4500
003 JO-AjNU
008 230606s9999||||xx |||||||||||||| ||und||
020 _a978-93-329-014-6/93-329-0147-3
040 _aJO-AjNU
_beng
_erda
_cJO-AjNU
041 _aeng
050 1 4 _aTA642.L33 2014
100 3 _aLaursan, Harold,
_eauthor
_94671
245 0 0 _aStructural analysis
250 _a3 ed
264 3 1 _aNew York :Mcgraw hill ,2014
300 _a474p
336 _atext
_btxt
_2rdacontent
337 _aunmediated
_bn
_2rdamedia
338 _avolume
_bnc
_2rdacarrier
650 4 _aStructural analysis
_94672
999 _aE2421
_c2419
_d2419